000 00554nam a22001937a 4500
003 KOHA_MİRAKIL
005 20251224131755.0
008 251224b tu ||||| |||| 00| 0 tur d
020 _a9789759954703
040 _aTR-AnABB
_btur
_cTR-AnABB
041 _atur
082 _a810.4209
_bKAP 2019
100 1 _aKaplan, Mehmet,
245 1 0 _aTürk edebiyatı üzerinde araştırmalar 2 /
_cMehmet Kaplan
260 _aİstanbul :
_bDergah Yayınları,
_c2019
300 _a464 sayfa ;
_c24 cm
650 0 4 _aTürk edebiyatı
942 _2ddc
_cBK
999 _c9918
_d9918
900 _bGizem YORULMAZ